Southville International School and Colleges
Your cart is empty.
  • Cart
  • Lists
    Public lists Eva Luna New books Lux_list list_1
    Your lists Log in to create your own lists
  • Log in to your account
  • Your cookies
  • Search history
Southville International School and Colleges
  • Advanced search
  • Recent comments
  • Most popular
  • Libraries

Log in to your account

Log in with GOOGLE


If you do not have an external account, but do have a local account, you can still log in:

  1. Home
  2. MARC view: World of crafts /
Normal view MARC view ISBD view

World of crafts / (Record no. 9914)

[ view plain ]
MARC details
000 -LEADER
fixed length control field 00488nam a22001937a 4500
003 - CONTROL NUMBER IDENTIFIER
control field ost
005 - DATE AND TIME OF LATEST TRANSACTION
control field 20160127094353.0
008 - FIXED-LENGTH DATA ELEMENTS--GENERAL INFORMATION
fixed length control field 130122t xxu||||| |||| 00| 0 eng d
020 ## - INTERNATIONAL STANDARD BOOK NUMBER
International Standard Book Number 1857370325
050 ## - LIBRARY OF CONGRESS CALL NUMBER
Classification number TT 157
Item number .W927 1993
082 ## - DEWEY DECIMAL CLASSIFICATION NUMBER
Classification number HS 745.5
Item number W893 1993
245 ## - TITLE STATEMENT
Title World of crafts /
260 ## - PUBLICATION, DISTRIBUTION, ETC. (IMPRINT)
Place of publication, distribution, etc Great Britain :
Name of publisher, distributor, etc Merlion Publishing,
Date of publication, distribution, etc 1993.
300 ## - PHYSICAL DESCRIPTION
Extent 192 p. ;
Dimensions 29 cm.
Other physical details ill. col. ;
562 ## - COPY AND VERSION IDENTIFICATION NOTE
Number of copies 1
650 ## - SUBJECT ADDED ENTRY--TOPICAL TERM
Topical term or geographic name as entry element Handicrafts
9 (RLIN) 15495
942 ## - ADDED ENTRY ELEMENTS (KOHA)
Source of classification or shelving scheme Library of Congress Classification
Koha item type Books
Holdings
Withdrawn status Lost status Source of classification or shelving scheme Damaged status Home library Current library Shelving location Date acquired Total Checkouts Full call number Barcode Date last seen Copy number Price effective from Koha item type
    Library of Congress Classification   Luxembourg Library Luxembourg Library High School Section 08/29/2013   TT 157 .W927 1993 0026 08/29/2013 1 08/29/2013 Books

World of crafts /

APA

(1993). World of crafts. Great Britain: Merlion Publishing.

Chicago

1993. World of crafts. Great Britain: Merlion Publishing.

Harvard

(1993). World of crafts. Great Britain: Merlion Publishing.

MLA

World of crafts. Great Britain: Merlion Publishing. 1993.

  • Place hold
  • Print
  • Cite
  • Add to your cart (remove)
  • Save record
    BIBTEX Dublin Core MARCXML MARC (non-Unicode/MARC-8) MARC (Unicode/UTF-8) MARC (Unicode/UTF-8, Standard) MODS (XML) RIS
  • More searches
    Search for this title in:
    Other Libraries (WorldCat) Other Databases (Google Scholar) Online Stores (Bookfinder.com) Open Library (openlibrary.org)

Exporting to Dublin Core...

SOUTHVILLE LIBRARY

Southville International School and Colleges Library

1281 Tropical Ave. Cor. Luxembourg St., BF Homes International, Las Pinas City

Tel. No. 8256374 / 252358 Loc. 117/146

Powered by Koha